Money and the economy : central bankers' views

Bibliographic Details
Main Author: Ciocca, Pierluigi , 1941- (Author)
Format: Book
Published: London : Macmillan , 1987
Subjects:

MARC

LEADER 00000cam a2200000 7i4500
001 0000000922
005 20161204093000.0
008 021118s1987
020 |a 0333389743 
050 0 0 |a HG1811   |b .M6613 1987 
090 0 0 |a HG1811   |b .M6 
240 0 0 |a Moneta e l'economia   |l English 
245 0 0 |a Money and the economy :   |b central bankers' views   |c edited by Pierluigi Ciocca 
260 2 |a London :   |b Macmillan ,   |c 1987 
300 |a 331 p. ;   |c 23 cm. 
650 0 |a Money 
650 0 |a Banks and banking, Central 
650 0 |a Economic policy 
700 0 |a Ciocca, Pierluigi ,   |d 1941- ,   |e author 
999 |a 1000017211   |b Book   |c OPEN SHELF (30 DAYS)   |e Gong Badak Campus